000 00195 a2200097 4500
020 _a9788420428659
041 _aspa
100 _aSaramago jose
245 _aEnsayo sobre la ceguera
942 _cBK
999 _c10715
_d10715